Finančný plán ako nástroj zvyšovania hodnoty podniku
Dobre zostavený a motivujúci finančný plán poukazuje na dôležitú úlohu marketingu a tou je, že trh si musí podnik ovplyvňovať požadovaným smerom. Východiskom pre tvorbu finančného plánu musí byť dôkladná externá a interná analýza podniku a taktiež vypracovaná stratégia budúceho rozvoja podniku. Exis...
Gespeichert in:
| 1. Verfasser: | |
|---|---|
| Format: | Buchkapitel |
| Sprache: | Slowakisch |
| Schlagworte: | |
| Tags: |
Keine Tags, Fügen Sie das erste Tag hinzu!
|
MARC
| LEADER | 00000naa$a2200000$$$4500 | ||
|---|---|---|---|
| 001 | 0044013 | ||
| 005 | 20240502071521.4 | ||
| 041 | 0 | |a slo | |
| 044 | |a SK | ||
| 245 | 1 | 0 | |a Finančný plán ako nástroj zvyšovania hodnoty podniku |c Alena Tóthová |
| 520 | |a Dobre zostavený a motivujúci finančný plán poukazuje na dôležitú úlohu marketingu a tou je, že trh si musí podnik ovplyvňovať požadovaným smerom. Východiskom pre tvorbu finančného plánu musí byť dôkladná externá a interná analýza podniku a taktiež vypracovaná stratégia budúceho rozvoja podniku. Existuje množstvo faktorov, ktoré na tvorbu finančného plánu majú vplyv a odrazia sa v jeho výsledkoch - v projekcii finančných a ostatných ukazovateľov a v hodnote podniku. Ak chce podnik do budúcnosti zvýšiť svoju hodnotu, stoja kontrolóri a pracovníci zabezpečujúci tvorbu finančného plánu pred úlohou, ako a akým spôsobom to docieliť. | ||
| 610 | 2 | 0 | |a podnik |
| 610 | 2 | 0 | |a analýzy |
| 610 | 2 | 0 | |a rozbory činnosti podnikovej |
| 610 | 2 | 0 | |a plán finančný |
| 610 | 2 | 0 | |a plán podnikový |
| 610 | 2 | 0 | |a prognózy podnikové |
| 610 | 2 | 0 | |a hodnota podniku |
| 100 | 1 | |a Tóthová, Alena, 1968- | |